Tableau des médailles olympiques - Water-polo - Statistiques

Statistiques générales
  • Ce quiz a été pris 31 fois
  • Le résultat moyen est 14 sur 17
Statistiques - réponses
Total Or Argent Bronze Pays % Correct
15 4 6 5 États-Unis
100%
4 1 0 3 France
100%
3 1 0 2 Australie
92%
4 1 3 0 Espagne
92%
10 4 3 3 Italie
92%
4 0 1 3 Russie
92%
4 1 2 1 Allemagne
88%
17 9 3 5 Hongrie
88%
3 1 2 0 Croatie
85%
7 2 2 3 Union soviétique
85%
4 2 0 2 Serbie
81%
6 0 4 2 Belgique
73%
4 4 0 0 Grande-Bretagne
73%
2 0 2 0 Grèce
69%
3 1 0 2 Pays-Bas
69%
8 3 4 1 Yougoslavie
69%
3 0 1 2 Suède
62%
Aucun quiz correspondant
Distribution des résultats
% des personnes avec chaque résultat
Percentile par nombre de réponses
Votre historique - résultats
Vous n’avez pas pris ce quiz